000 00637nam a2200229Ia 4500
003 OSt
005 20221007080656.0
006 a|||||r|||| 00| 0
007 ta
008 221006b |||||||| |||| 00| 0 eng d
024 _a24,093
037 _cTextual
040 _aFLL
_cFLL
_beng
041 _2eng
_aeng
082 _aZ2,215, L6
100 _aVali Ferenc A.
_9462609
245 0 _aPolitics of the Indian ocean region
260 _aNew York
_bA Division of Macmillan Publishing Co., Ind. London
_c1976
300 _aixv,1-272p
_ccm.
942 _hZ2,215, L6
_cTEXL
_2CC
999 _c1160506
_d1160506